000
00304nam a2200121Ia 4500
008
190722s9999 xx 000 0 und d
020
_a
978-1-137-37501-8
100
_a
Damodar Gujarati
245
0
_a
Econometrics(by Example
260
_a
London
_b
Palgrave Macmillan ED
_c
2015
300
_a
466
942
_c
BK
999
_c
564
_d
564